Harry Potter Spells - Statistics

General Stats
  • This quiz has been taken 96 times
  • The average score is 9 of 15
Answer Stats
Hint Answer % Correct
INSTANT KILL Avada Kedavra
99%
Lights up your wand tip Lumos
99%
Explodes target Bombarda
87%
shoots water Aguamenti
86%
Makes things float Wingardium Leviosa
84%
Summons target Accio
81%
Works as a microphone Sonorus
55%
Vanishing spell Evanesco
49%
Slows down or stops your target Impedimenta
48%
Heals cuts from Sectumsempra Vulnera Sanentur
43%
Moves trees Mobiliarbus
41%
Draw in midair with fire lines Flagrate
38%
Reverts weather related spells Meteolojinx Recanto
26%
"Revulsion" jinx Relashio
23%
Moves objects or small creatures to attack a target Oppugno
16%
No matching quizzes found
Score Distribution
Percent of People with Each Score
Percentile by Number Answered
Your Score History
You have not taken this quiz